| 000 | 00812nam a2200193Ia 4500 | ||
|---|---|---|---|
| 003 | GCL | ||
| 008 | 140319s9999 xx 000 0 ara d | ||
| 040 |
_aGCL / _cGCL |
||
| 082 | 0 | 4 |
_aق _b301.24 _bف ق |
| 100 | 1 | _aفاطمة علم الدين عبدالواحد | |
| 245 | 1 | 0 |
_aالتطورات الاجتماعية فى الريف المصرى قبل ثورة 1919 / _cفاطمة علم الدين عبدالواحد |
| 260 |
_a[S.N] : _bالهيئة المصرية العامة للكتاب ، _c1984 |
||
| 300 | _a184 ص | ||
| 490 |
_aمركز وثائق وتاريخ مصر المعاصر _v0 |
||
| 650 | 0 | 4 | _aالريف المصرى |
| 650 | 0 | 4 | _aمصر - تاريخ - العصر الحديث - ثورة 1919 |
| 650 | 0 | 4 | _aمصر - تاريخ - العصر الحديث (1805 - 1956 ) |
| 942 |
_2ddc _cBK |
||
| 999 |
_c36314 _d36314 |
||